000 00689nam a22001935i 4500
001 164434
003 ES-MaACL
005 20250319063310.0
008 940301s1893 sp |||| | spa d
040 _aAS
_bspa
100 _aSales Ferré, Manuel,
_d1843-1910
_9224015
245 1 3 _aEl descubrimiento de América
_b: según las últimas investigaciones /
_cpor Manuel Sales Ferré.
260 _aSevilla :
_b[s.n.],
_c1893 (
_fTipografía de Díaz y Carballo)
300 _a255 p. ;
_c18 cm.
651 4 _aAmérica-
_xDescubrimientos y exploraciones.
_97694
752 _aEspaña -
_d, Sevilla
852 _aES-MaACL
_jF-11257
_z-- Enc. pasta
999 _c164434
_d164434